Ster Century Cinemas Kosice

Deskripcia miniplexu.

Guardado en:
Detalles Bibliográficos
Autor principal: Mišún, Juraj, 1978-
Formato: Capítulo de libro
Lenguaje:inglés
Materias:
Etiquetas: Agregar Etiqueta
Sin Etiquetas, Sea el primero en etiquetar este registro!

MARC

LEADER 00000nla a2200000 4500
001 0166401
005 20240502083407.7
041 0 |a eng 
044 |a US 
245 1 0 |a Ster Century Cinemas Kosice  |c Juraj Mišún 
520 |a Deskripcia miniplexu. 
610 2 0 |a priemysel umelecký 
610 2 0 |a film 
610 2 0 |a Slovensko 
100 1 |a Mišún, Juraj, 1978-